00649cam a22001937a 4500003000500000005001700005008004100022010001000063011001000073035001100083040000900094100003800103245014900141260004300290300001900333502007400352650001900426650001000445CHAP20220329142855.0041124d2004 mx a r 00110 spa d a89065 a90037 a100593 cCHAP00aBarajas Rodríguez, Jorge Edgar.10aDistribución del sistema radical de Pinus greggii como respuesta a la poda química de raíz en viveroc/por Jorge Edgar Barajas Rodríguez aMontecillo, Méx. :bEl autor,c2004. a94 p. :bilus. aTesis(M.C.) -- CP. Instituto de Recursos Naturales. Programa Forestal14aPinus greggii.14aPoda.